【サドンデス】長野駅内か駅前にあるもの - Statistics

General Stats
  • This quiz has been taken 148 times
  • The average score is 4 of 25
Answers on the Grid
Answers color-coded by a green-red scale on the quiz's grid according to % correct below.
新幹線ホーム
地下ホーム
NEWDAYS
スタバ
みどりの窓口
噴水
JR東日本長野支社
長野朝日放送
ホテルメトロポリタン長野
東横INN
無印良品
ハンズ
サイゼリヤ
ドン・キホーテ
ビッグエコー
まねきねこ
JOYSOUND
セブンイレブン
ファミマ
JR4番線
武田塾
ハードオフ
立ち食いそば
大学のキャンパス
JR7番線
臨時改札
エキュート
マクドナルド
すき家
JR1番線
モスバーガー
未来屋書店
ジュンク堂書店
ツルヤ
長電バス本社
長野電鉄本社
しなの鉄道営業本部
長野放送
NHK長野放送局
電鉄長野駅
ルートイン
長野市芸術館
小田急百貨店
西武百貨店
タワレコ
ドコモショップ
八幡屋礒五郎本店
ユニクロ
長野総合車両センター
JR・長電乗り換え改札口
 
Answer Stats
Answer % Correct
新幹線ホーム
40%
みどりの窓口
36%
スタバ
23%
NEWDAYS
23%
地下ホーム
21%
ファミマ
21%
立ち食いそば
21%
ホテルメトロポリタン長野
17%
ドン・キホーテ
17%
セブンイレブン
17%
JR7番線
17%
東横INN
15%
サイゼリヤ
13%
まねきねこ
13%
JR東日本長野支社
13%
武田塾
11%
JR4番線
11%
噴水
9%
長野朝日放送
9%
無印良品
9%
ビッグエコー
9%
JOYSOUND
6%
ハンズ
4%
大学のキャンパス
4%
ハードオフ
2%
No matching quizzes found
Score Distribution
Percent of People with Each Score
Percentile by Number Answered
Your Score History
You have not taken this quiz